Diabetes gestacional en el área de Perinatología en el Hospital Regional Universitario José María Cabral y Báez, Santiago, República Dominicana. Período enero-mayo 2013. (Record no. 233)

MARC details
000 -LEADER
campo de control de longitud fija 02800nam a2200553Ia 4500
001 - NÚMERO DE CONTROL
campo de control 266
008 - DATOS DE LONGITUD FIJA--INFORMACIÓN GENERAL
campo de control de longitud fija 241029s9999 xx 000 0 und d
010 ## - NÚMERO DE CONTROL DE LA BIBLIOTECA DEL CONGRESO
Número de control de LC 233
041 ## - CÓDIGO DE IDIOMA
Código de lengua del texto/banda sonora o título independiente Español
082 ## - NÚMERO DE LA CLASIFICACIÓN DECIMAL DEWEY
Número de clasificación 2013/BUNEVS.C76
245 #0 - MENCIÓN DEL TÍTULO
Título Diabetes gestacional en el área de Perinatología en el Hospital Regional Universitario José María Cabral y Báez, Santiago, República Dominicana. Período enero-mayo 2013.
260 ## - PUBLICACIÓN, DISTRIBUCIÓN, ETC.
Lugar de publicación, distribución, etc. Santiago
300 ## - DESCRIPCIÓN FÍSICA
Extensión 67
520 ## - RESUMEN, ETC.
Sumario, etc. 36
520 ## - RESUMEN, ETC.
Sumario, etc. La importancia de esta investigación radicó en que aumenta el riesgo de diversas complicaciones obstétrica, como el sufrimiento fetal, macrosonomía y problemas neonatales, entre otros. Los factores de riesgo presentados por la diabetes gestacional, gran numero de ellos por no decir la generalidad de los casos, se ven afectados por la carencia de insulina. Dentro de los factores preponderantes la intolerancia a los carbohidratos sobresalió en un 80% de las pacientes entrevistadas.La diabetes gestacional en embarazadas en el Hospital Regional Universitario José María Cabral y Báez,específicamente en el área de Perinatología presentó el embarazo como el tipo más común en la diabetes, el cual fue un 80%. El tratamiento y su efectividad alcanzó un 60% en la efectividad, así como también el por ciento de muertes ocurridas por cada cien (100) pacientes registradas por diabetes gestacional no sobrepasa los seis (6) ingresos. Es importante tener presente, que los pacientes ingresados por HTA tuvieron problemas secundarios de otras enfermedades en un índice menor al 5% de los ingresados. Esto fue representado en base de datos estadísticos que arrojaron las encuestas realizadas en el Centro de Salud anteriormente establecido.      
630 ## - PUNTO DE ACCESO ADICIONAL DE MATERIA--TÍTULO UNIFORME
Título uniforme Actitudes
630 ## - PUNTO DE ACCESO ADICIONAL DE MATERIA--TÍTULO UNIFORME
Título uniforme Genoma Humano
630 ## - PUNTO DE ACCESO ADICIONAL DE MATERIA--TÍTULO UNIFORME
Título uniforme Salud Escolar
650 ## - PUNTO DE ACCESO ADICIONAL DE MATERIA--TÉRMINO DE MATERIA
Término de materia o nombre geográfico como elemento de entrada Gestión Educativa
690 ## - PUNTO DE ACCESO ADICIONAL DE MATERIA LOCAL--TÉRMINO DE MATERIA (OCLC, RLIN)
Término de materia o nombre geográfico como elemento inicial Sintetizado
700 ## - ENTRADA AGREGADA--NOMBRE PERSONAL
Término indicativo de función/relación asesor
Nombre de persona Ureña, María Altagracia
700 ## - ENTRADA AGREGADA--NOMBRE PERSONAL
Término indicativo de función/relación autor
Nombre de persona Crousset , María del Carmen
700 ## - ENTRADA AGREGADA--NOMBRE PERSONAL
Término indicativo de función/relación autor
Nombre de persona Rodríguez, Antonia
901 ## - ELEMENTOS DE DATOS A LOCAL LDA (RLIN)
a {"1":"Crousset ","2":"Rodríguez"}
b {"1":"María del Carmen ","2":"Antonia"}
902 ## - ELEMENTOS DE DATOS B LOCAL, LDB (RLIN)
a 1
903 ## - ELEMENTOS DE DATOS C LOCAL, LDC (RLIN)
a {"1":"Ureña"}
b {"1":"María Altagracia "}
904 ## - ELEMENTOS DE DATOS D LOCAL, LDD (RLIN)
a Magíster en
905 ## - ELEMENTOS DE DATOS E LOCAL, LDE (RLIN)
a Gestión Educativa
906 ## - ELEMENTOS DE DATOS F LOCAL, LDF (RLIN)
a 2
907 ## - ELEMENTOS DE DATOS G LOCAL, LDG (RLIN)
a NO APLICA
908 ## - COLOCAR PARÁMETRO DE COMANDO (RLIN)
Colocar parámetro de comando NO APLICA
909 ## -
-- Universidad Nacional Evangélica (UNEV), Recinto Santiago
910 ## - DATOS DE OPCIÓN DEL USUARIO (OCLC)
Datos de opción del usuario NULL
-- NULL
911 ## - EQUIVALENCIA O REFERENCIA-CRUZADA-NOMBRE DE CONFERENCIA O REUNIÓN/CONGRESO [LOCAL, CANADÁ]
Nombre de congreso/reunión o jurisdicción como elemento de entrada ["1"]
912 ## -
-- NO APLICA
913 ## -
-- NULL
914 ## -
-- 01 de Noviembre de 2013
915 ## -
-- 29/11/19 10:11
916 ## -
-- NULL
917 ## -
-- NULL
918 ## -
-- NO APLICA
919 ## -
-- ["6","110","181"]
921 ## -
-- 11
922 ## -
-- 11
923 ## -
-- 0
924 ## -
-- NO APLICA
942 ## - ELEMENTOS DE ENTRADA SECUNDARIOS (KOHA)
Tipo de ítem Koha

No items available.

© 2024. Todos los Derechos Reservados. Desarrollado por IDEICE